000 00489nam a22001937a 4500
005 20260515114929.0
008 220921b ||||| |||| 00| 0 eng d
020 _a9789387956667
040 _aIN-DiNC
_cIN-DiNC
041 _dasm
082 _a301.0954
_bSAI
100 _aSaikia, Utpal
_eauthor
245 _aBharatiya samajtattwa/
_cby Utpal Saikia
250 _a3rd ed.
260 _aDibrugarh:
_bBanalata,
_c2021
300 _a210p.
650 _aIndian society
942 _2ddc
_cBK
999 _c11370
_d11370